=LDR 00000nam 2200000 4500 =001 INLIS000000000036876 =005 20130612142633 =008 ***********************************Ind** =035 ##$$a0010-061300000036876 =041 ##$$a Ind =082 ##$$a 641.8 =090 ##$$a 641.8, Che s =100 ##$$a Chendhawati =245 ##$$a Seri resep andalan ny Liem, kue kering klasik, Chendhawati ; editor, Intarina Hardiman =260 ##$$a 2007 $b Jakarta =300 ##$$a 55 hlm, ilus, 21 cm =650 ##$$a Kue resep =850 ##$$a NBPNMAT =990 ##$$a 21400613/BPAP-NTB/20142014